000 01444cam a2200409 i 4500
999 _c128139
_d128139
001 18597237
003 ARRUPE
005 20180912115700.0
008 141103s2014 ii b 001 0 eng d
010 _a 2015306738
015 _aGBB4C9446
_2bnb
016 7 _a016945871
_2Uk
020 _a9780199452767 (pbk.)
020 _a0199452768 (pbk.)
025 _aI-E-2015306738
035 _a(OCoLC)ocn895112465
035 _a(OCoLC)895112465
_z(OCoLC)893017960
037 _bLibrary of Congress -- New Delhi Overseas Office
040 _aDKAGE
_beng
_cDKAGE
_erda
_dYDXCP
_dBTCTA
_dUKMGB
_dOCLCF
_dDLC
042 _alccopycat
_alcode
043 _aa-ii---
050 0 0 _aLB14.7
_b.M56 2014
082 0 4 _a370.1
_223
100 1 _aMiri, Mrinal,
_eauthor.
_942102
245 1 0 _aPhilosophy and education /
_cMrinal Miri.
250 _aFirst edition.
260 _aNew Dehli
_bOxford University Press
_c2014
300 _axiii, 175 pages, 1 unnumbered page ;
_c22 cm
504 _aIncludes bibliographical references and index.
650 0 _aEducation, Higher
_zIndia
_xPhilosophy.
_942103
650 0 _aEducation
_zIndia
_xPhilosophy.
_942104
906 _a7
_bcbc
_ccopycat
_d3
_encip
_f20
_gy-gencatlg
942 _2lcc
_cMONOGRAPH